[Event "St Petersburg Summer op"]
[White "Turikov, Viktor"]
[Black "Kaasen, Tor Fredrik"]
[Site "St Petersburg"]
[Round "2"]
[Result "0-1"]
[Date "2017.08.17"]
[WhiteElo "2153"]
[BlackElo "2399"]
[PlyCount "90"]
[EventDate "2017.08.16"]
[EventType "swiss"]
[EventRounds "9"]
[EventCountry "RUS"]
[SourceTitle "CBM 180 Extra"]
[Source "ChessBase"]
[SourceDate "2017.10.06"]
[SourceVersion "1"]
[SourceVersionDate "2017.10.06"]
[SourceQuality "1"]

1. e4 c5 2. Nf3 e6 3. Nc3 Nc6 4. Bb5 Nge7 5. 0-0 a6 6. Bxc6 Nxc6 7. e5 d5 8. exd6 Bxd6 9. Re1 0-0 10. d3 b6 11. a4 Bb7 12. Bd2 e5 13. Ne4 Be7 14. Ng3 Qc7 15. Bc3 f6 16. Nf5 Bd8 17. h3 Rc8 18. Nd2 Nd4 19. Bxd4 cxd4 20. Nc4 Bd5 21. b3 Qd7 22. Ng3 b5 23. Nd2 Qc6 24. axb5 axb5 25. Ra7 g6 26. Qe2 Qxc2 27. h4 Rf7 28. Ra6 Bb7 29. Raa1 Qc6 30. Qe4 Qd6 31. Qe2 Qd5 32. Qe4 Rc3 33. h5 Rg7 34. h6 Rgc7 35. f3 Qxe4 36. dxe4 Be7 37. Kf2 Rc2 38. Red1 Bf8 39. Ngf1 Bxh6 40. Ra5 b4 41. Ra4 Rb2 42. Rxb4 Ba6 43. Kg3 Rcc2 44. Nc4 Rxg2+ 45. Kh3 Bc8+ 0-1

[Event "Kaunas Butnorius 70 op"]
[White "Dainauskas, Juozas"]
[Black "Turikov, Viktor"]
[Site "Kaunas"]
[Round "6"]
[Result "1-0"]
[Date "2016.08.04"]
[WhiteElo "1910"]
[BlackElo "2209"]
[PlyCount "101"]
[EventDate "2016.08.01"]
[EventType "swiss"]
[EventRounds "9"]
[EventCountry "LTU"]
[SourceTitle "CBM 173 Extra"]
[Source "ChessBase"]
[SourceDate "2016.08.29"]
[SourceVersion "1"]
[SourceVersionDate "2016.08.29"]
[SourceQuality "1"]

1. e4 e5 2. Nf3 Bd6 3. d4 exd4 4. Nxd4 Ne7 5. Bg5 f6 6. Be3 Be5 7. Nc3 c6 8. Bc4 b5 9. Bb3 a5 10. a3 Na6 11. f4 Bb8 12. 0-0 h5 13. Qd2 Nc5 14. Ba2 Qc7 15. Nf5 Nxf5 16. exf5 Nb7 17. Rfe1 Kd8 18. Qf2 Ra6 19. a4 Nd6 20. axb5 Nxb5 21. Bc4 Qb7 22. Na4 d6 23. Rad1 Bd7 24. Be6 Ba7 25. Bxa7 Qxa7 26. Bxd7 Kxd7 27. Nc5+ Kc8 28. Nxa6 Qxa6 29. c4 Nc7 30. Rxd6 Qxc4 31. Qb6 Qb4 32. Qxb4 axb4 33. Rxc6 Kb7 34. Rc4 Na6 35. Re7+ Kb6 36. Rxg7 Rd8 37. Rf7 Rd1+ 38. Kf2 Rd2+ 39. Kf3 Rxb2 40. Rxf6+ Kb5 41. Rc1 Nc5 42. Rd6 b3 43. f6 Rc2 44. Rb1 Rc3+ 45. Ke2 Rc2+ 46. Rd2 Rc4 47. f7 Rxf4 48. Rf1 Rxf1 49. Kxf1 Ne6 50. Rd8 Kc4 51. f8Q 1-0

[Event "Kaunas Butnorius 70 op"]
[White "Turikov, Viktor"]
[Black "Malaniuk, Vladimir P"]
[Site "Kaunas"]
[Round "3"]
[Result "0-1"]
[Date "2016.08.02"]
[WhiteElo "2209"]
[BlackElo "2471"]
[PlyCount "120"]
[EventDate "2016.08.01"]
[EventType "swiss"]
[EventRounds "9"]
[EventCountry "LTU"]
[SourceTitle "CBM 173 Extra"]
[Source "ChessBase"]
[SourceDate "2016.08.29"]
[SourceVersion "1"]
[SourceVersionDate "2016.08.29"]
[SourceQuality "1"]

1. b4 e5 2. Bb2 Bxb4 3. Bxe5 Nf6 4. Nc3 Ba5 5. Rb1 0-0 6. e3 Re8 7. Bxf6 Qxf6 8. Nd5 Qd8 9. c3 c6 10. Nf4 Bc7 11. g3 d5 12. Bd3 Nd7 13. Qc2 g6 14. h4 Nc5 15. Be2 Qf6 16. Rc1 Bf5 17. d3 Rad8 18. Kf1 Bc8 19. Nf3 Ne6 20. Qa4 a6 21. Nxe6 Rxe6 22. Qd4 Qe7 23. Kg2 c5 24. Qa4 Bd7 25. Qa3 Bd6 26. Qb2 Bc6 27. Qc2 Qf6 28. d4 c4 29. Ng5 Re7 30. Nh3 Bd7 31. Nf4 Bxf4 32. gxf4 Bf5 33. Qd1 h5 34. Bf3 b5 35. a4 Rb7 36. axb5 axb5 37. Qd2 Qe6 38. Ra1 Bg4 39. Qe2 Bf5 40. Qb2 b4 41. cxb4 Rdb8 42. Ra4 Be4 43. Bxe4 Qxe4+ 44. Kh2 Qe7 45. Kg3 Qd7 46. Rha1 Qg4+ 47. Kh2 Qxh4+ 48. Kg2 Qg4+ 49. Kh2 Kg7 50. Qd2 h4 51. Rg1 Qd7 52. Rga1 Qd6 53. Rb1 Qd7 54. Raa1 h3 55. Qe2 Rxb4 56. Rxb4 Rxb4 57. Ra5 c3 58. Rc5 Rb2 59. Qf3 c2 60. Qxh3 c1Q 0-1

[Event "Chigorin Memorial 23rd"]
[White "Turikov, Viktor"]
[Black "Ustich, Ekaterina"]
[Site "St Petersburg"]
[Round "9"]
[Result "1-0"]
[Date "2015.10.11"]
[WhiteElo "2239"]
[BlackElo "1996"]
[PlyCount "117"]
[EventDate "2015.10.03"]
[EventType "swiss"]
[EventRounds "9"]
[EventCountry "RUS"]
[SourceTitle "CBM 168 Extra"]
[Source "ChessBase"]
[SourceDate "2015.10.29"]
[SourceVersion "1"]
[SourceVersionDate "2015.10.29"]
[SourceQuality "1"]

1. e4 e5 2. Nf3 Nc6 3. Bb5 a6 4. Bxc6 dxc6 5. d3 Qd6 6. Nbd2 f6 7. Nc4 Qe7 8. h3 Be6 9. Na5 Qc5 10. Bd2 b6 11. b4 Qd6 12. Nb3 Qd7 13. Rb1 Bd6 14. a3 Ne7 15. c4 Ng6 16. Qc2 Be7 17. d4 exd4 18. Nbxd4 Bf7 19. Be3 0-0 20. 0-0 c5 21. Nf5 cxb4 22. axb4 Bd8 23. Rfd1 Qe6 24. c5 Re8 25. cxb6 cxb6 26. Nd6 Re7 27. Qc6 Rb8 28. Nd4 Ne5 29. Nxe6 Nxc6 30. Nxd8 Nxd8 31. Rbc1 Be6 32. Nc8 Rd7 33. Rxd7 Bxd7 34. Nxb6 Bb5 35. Nd5 Ne6 36. f3 Kf7 37. Kf2 Rd8 38. f4 Rd7 39. f5 Nd8 40. Nb6 Rb7 41. Rc8 Nc6 42. Bc5 Ne7 43. Rh8 Ng8 44. Nc8 Rd7 45. Nd6+ Rxd6 46. Bxd6 h6 47. g4 Bc4 48. e5 fxe5 49. Bxe5 Bd5 50. Kg3 Bc4 51. Rh7 Nf6 52. Bxf6 Kxf6 53. Rh8 Bb3 54. Rc8 Bd5 55. Rb8 Bc4 56. Rb6+ Kf7 57. Kf4 Bf1 58. h4 Be2 59. g5 1-0

[Event "Chigorin Memorial 23rd"]
[White "Blomqvist, Erik"]
[Black "Turikov, Viktor"]
[Site "St Petersburg"]
[Round "6"]
[Result "1-0"]
[Date "2015.10.08"]
[WhiteElo "2530"]
[BlackElo "2239"]
[PlyCount "53"]
[EventDate "2015.10.03"]
[EventType "swiss"]
[EventRounds "9"]
[EventCountry "RUS"]
[SourceTitle "CBM 168 Extra"]
[Source "ChessBase"]
[SourceDate "2015.10.29"]
[SourceVersion "1"]
[SourceVersionDate "2015.10.29"]
[SourceQuality "1"]

1. e4 d6 2. d4 Nf6 3. Nc3 c6 4. Nf3 Bg4 5. h3 Bxf3 6. Qxf3 Nbd7 7. Be2 g6 8. Be3 Bg7 9. g4 h6 10. h4 h5 11. gxh5 Nxh5 12. 0-0-0 Qc7 13. Kb1 a6 14. a3 b5 15. Rhg1 Rb8 16. Qh3 b4 17. axb4 Rxb4 18. Na2 Rb8 19. f4 c5 20. f5 cxd4 21. Bxd4 Bxd4 22. Rxd4 Nf4 23. Qg4 Nxe2 24. Qxe2 Rxb2+ 25. Kxb2 Qb6+ 26. Kc3 Rxh4 27. Qc4 1-0

[Event "Chigorin Memorial 23rd"]
[White "Babanin, Gleb"]
[Black "Turikov, Viktor"]
[Site "St Petersburg"]
[Round "4"]
[Result "0-1"]
[Date "2015.10.06"]
[WhiteElo "1941"]
[BlackElo "2239"]
[PlyCount "76"]
[EventDate "2015.10.03"]
[EventType "swiss"]
[EventRounds "9"]
[EventCountry "RUS"]
[SourceTitle "CBM 168 Extra"]
[Source "ChessBase"]
[SourceDate "2015.10.29"]
[SourceVersion "1"]
[SourceVersionDate "2015.10.29"]
[SourceQuality "1"]

1. e4 d6 2. d4 Nf6 3. Nc3 c6 4. Nf3 Bg4 5. h3 Bh5 6. Qe2 e6 7. g4 Bg6 8. h4 h6 9. h5 Bh7 10. g5 hxg5 11. Bxg5 Be7 12. Bg2 Nbd7 13. Bf4 Qa5 14. Nd2 e5 15. Nc4 Qc7 16. dxe5 dxe5 17. Be3 b5 18. Nd2 Nc5 19. a3 Ne6 20. a4 b4 21. Na2 Nd7 22. Nc4 f6 23. h6 g6 24. 0-0-0 Bg8 25. Bh3 Bf7 26. Kb1 Nb6 27. Na5 0-0 28. h7+ Kh8 29. Bh6 Rfd8 30. Rdg1 g5 31. Qa6 Nc5 32. Qe2 Nbxa4 33. Nc4 b3 34. Nc1 bxc2+ 35. Kxc2 Rd4 36. Nd2 Rad8 37. Rd1 Qa5 38. Nf3 Qb4 0-1

[Event "Chigorin Memorial 23rd"]
[White "Baghdasaryan, Vahe"]
[Black "Turikov, Viktor"]
[Site "St Petersburg"]
[Round "2"]
[Result "1-0"]
[Date "2015.10.04"]
[WhiteElo "2439"]
[BlackElo "2239"]
[PlyCount "103"]
[EventDate "2015.10.03"]
[EventType "swiss"]
[EventRounds "9"]
[EventCountry "RUS"]
[SourceTitle "CBM 168 Extra"]
[Source "ChessBase"]
[SourceDate "2015.10.29"]
[SourceVersion "1"]
[SourceVersionDate "2015.10.29"]
[SourceQuality "1"]

1. e4 d6 2. d4 Nf6 3. Nc3 c6 4. f4 Qa5 5. Bd3 e5 6. dxe5 dxe5 7. Nf3 Nbd7 8. 0-0 Bd6 9. Kh1 Qc7 10. Qe1 0-0 11. f5 b5 12. g4 b4 13. Nd1 c5 14. g5 Nh5 15. Qh4 g6 16. Ne3 Nb6 17. Nd2 Bb7 18. Be2 Nf4 19. Ng4 f6 20. gxf6 gxf5 21. Nh6+ Kh8 22. Rg1 Rg8 23. Nxg8 Rxg8 24. Rxg8+ Kxg8 25. Bf3 Ng6 26. Qg5 f4 27. h4 Kh8 28. a3 Bc8 29. h5 Nf8 30. axb4 Ne6 31. Qg2 cxb4 32. Nb3 Qf7 33. Bd2 Qxf6 34. Rxa7 Ng5 35. Be1 h6 36. Bh4 Bb8 37. Ra1 Nc4 38. Ra8 Ne3 39. Bxg5 hxg5 40. Qd2 Qe6 41. Qd8+ Kh7 42. Kg1 Qh3 43. Qe7+ Kh6 44. Qf6+ Kh7 45. Qg6+ Kh8 46. Qh6+ Kg8 47. Qxg5+ Kf7 48. Nd2 Bg4 49. Qg6+ Ke7 50. Qg7+ Kd6 51. Ra6+ Kc5 52. Nb3+ 1-0

[Event "Chigorin Memorial 22nd"]
[White "Sindarov, Javokhir"]
[Black "Turikov, Viktor"]
[Site "St Petersburg"]
[Round "6"]
[Result "1-0"]
[Date "2014.10.23"]
[WhiteElo "1979"]
[BlackElo "2269"]
[PlyCount "111"]
[EventDate "2014.10.18"]
[EventType "swiss"]
[EventRounds "9"]
[EventCountry "RUS"]
[SourceTitle "EXT 2015"]
[Source "ChessBase"]
[SourceDate "2014.11.20"]
[SourceVersion "1"]
[SourceVersionDate "2014.11.20"]
[SourceQuality "1"]

1. e4 Nf6 2. e5 Nd5 3. d4 d6 4. c4 Nb6 5. exd6 cxd6 6. Nf3 Bg4 7. b3 e6 8. Nc3 Be7 9. Be2 0-0 10. 0-0 Nc6 11. Be3 d5 12. c5 Nc8 13. b4 a6 14. Rb1 Bf6 15. a4 N8e7 16. b5 Bxf3 17. Bxf3 Na5 18. Be2 Nf5 19. Qd2 Nc4 20. Bxc4 dxc4 21. Rfd1 Qa5 22. Nd5 Qxd2 23. Nxf6+ gxf6 24. Rxd2 axb5 25. axb5 Rfd8 26. h3 Ra3 27. b6 Ne7 28. Rc2 c3 29. Bc1 Ra4 30. Rxc3 Raxd4 31. Be3 Rd1+ 32. Rxd1 Rxd1+ 33. Kh2 Kf8 34. Bh6+ Ke8 35. Rg3 Rd5 36. Be3 Ng6 37. Rg4 f5 38. Ra4 f4 39. c6 fxe3 40. cxb7 exf2 41. b8Q+ Rd8 42. Qxd8+ Kxd8 43. Ra8+ Kd7 44. b7 f1Q 45. b8Q Qf4+ 46. Qxf4 Nxf4 47. Rh8 Ke7 48. Rxh7 Ng6 49. h4 Kf8 50. h5 Ne7 51. h6 Ng6 52. Rg7 Ne7 53. Rg5 Ng6 54. g4 Kg8 55. Rxg6+ fxg6 56. g5 1-0

[Event "Chigorin Memorial 22nd"]
[White "Lantini, Marco"]
[Black "Turikov, Viktor"]
[Site "St Petersburg"]
[Round "4"]
[Result "1-0"]
[Date "2014.10.21"]
[WhiteElo "2035"]
[BlackElo "2269"]
[PlyCount "43"]
[EventDate "2014.10.18"]
[EventType "swiss"]
[EventRounds "9"]
[EventCountry "RUS"]
[SourceTitle "EXT 2015"]
[Source "ChessBase"]
[SourceDate "2014.11.20"]
[SourceVersion "1"]
[SourceVersionDate "2014.11.20"]
[SourceQuality "1"]

1. d4 e6 2. c4 b6 3. e4 Bb7 4. Bd3 f5 5. exf5 Bxg2 6. Qh5+ g6 7. fxg6 Bg7 8. gxh7+ Kf8 9. Bg5 Nf6 10. Qh4 Bxh1 11. Ne2 Nc6 12. Nd2 d5 13. Nf4 Nxd4 14. Ng6+ Ke8 15. Qxd4 Rxh7 16. Ne5 Rxh2 17. Ng4 Ne4 18. Qxg7 Qxg5 19. Qxg5 Nxg5 20. Nxh2 dxc4 21. Bxc4 Ke7 22. 0-0-0 1-0

[Event "Dresden ZMD op 23rd"]
[White "Turikov, Viktor"]
[Black "Enchev, Ivajlo"]
[Site "Dresden"]
[Round "8"]
[Result "1-0"]
[Date "2014.08.22"]
[WhiteElo "2256"]
[BlackElo "2393"]
[PlyCount "125"]
[EventDate "2014.08.15"]
[EventType "swiss"]
[EventRounds "9"]
[EventCountry "GER"]
[SourceTitle "CBM 161 Extra"]
[Source "ChessBase"]
[SourceDate "2014.08.29"]
[SourceVersion "1"]
[SourceVersionDate "2014.08.29"]
[SourceQuality "1"]

1. e3 g6 2. Nf3 Bg7 3. c4 c5 4. Be2 Nf6 5. Nc3 0-0 6. 0-0 Nc6 7. d3 d5 8. cxd5 Nxd5 9. Ne4 b6 10. a3 Qd7 11. Qc2 Bb7 12. Rb1 Rac8 13. Bd2 Rfd8 14. Rfd1 f5 15. Ng3 e6 16. Qb3 Kh8 17. Rbc1 Ne5 18. Nxe5 Bxe5 19. Bf3 Bc6 20. Qc2 Ba4 21. b3 Bb5 22. Be1 Rc7 23. Qb1 Qg7 24. a4 Ba6 25. Bxd5 Rxd5 26. b4 Rcd7 27. bxc5 bxc5 28. d4 cxd4 29. Rc6 Bb7 30. Rxe6 Qf7 31. Rxe5 Rxe5 32. exd4 Qd5 33. f3 Re3 34. Nf1 Re6 35. Qc1 Kg8 36. Qf4 Re2 37. Bh4 Qd6 38. Qg5 Qd5 39. Qf4 Kg7 40. Bg5 Qb3 41. Rd2 Re8 42. Qh4 Ba6 43. Ne3 Kg8 44. Qf4 Qxa4 45. Bh6 Qb5 46. Kf2 Re6 47. Qg5 Qb4 48. Rd1 Qd6 49. Qh4 Rb7 50. d5 Re8 51. Bf4 Qe7 52. Qg3 Qc5 53. Qg5 Rd7 54. Qf6 Qb5 55. Be5 Qe2+ 56. Kg3 f4+ 57. Qxf4 Rf7 58. Qd4 Bc8 59. d6 Be6 60. h3 Rc8 61. Qe4 Qa2 62. Bc3 Rxc3 63. Qe5 1-0

[Event "Dresden ZMD op 23rd"]
[White "Turikov, Viktor"]
[Black "Bindrich, Falko"]
[Site "Dresden"]
[Round "2"]
[Result "0-1"]
[Date "2014.08.16"]
[WhiteElo "2256"]
[BlackElo "2598"]
[PlyCount "70"]
[EventDate "2014.08.15"]
[EventType "swiss"]
[EventRounds "9"]
[EventCountry "GER"]
[SourceTitle "CBM 161 Extra"]
[Source "ChessBase"]
[SourceDate "2014.08.29"]
[SourceVersion "1"]
[SourceVersionDate "2014.08.29"]
[SourceQuality "1"]

1. b3 d5 2. e3 Nf6 3. Bb2 Bf5 4. Nf3 e6 5. Bb5+ c6 6. Be2 h6 7. 0-0 Nbd7 8. d3 Bd6 9. Nbd2 0-0 10. a3 Qe7 11. Re1 e5 12. Nh4 Bh7 13. g3 Rad8 14. Bf1 e4 15. d4 Qe6 16. c4 g5 17. Ng2 Bg6 18. b4 Bh5 19. Be2 Bxe2 20. Qxe2 Qh3 21. Nf1 Ng4 22. f4 exf3 23. Qxf3 Ndf6 24. Re2 Ne4 25. Ne1 f5 26. cxd5 cxd5 27. Rc1 Ngf6 28. Nd3 f4 29. exf4 gxf4 30. Qg2 Qxg2+ 31. Rxg2 f3 32. Rgc2 Ng5 33. Ne3 Nh3+ 34. Kf1 h5 35. Nf5 Ng4 0-1

[Event "WchT Seniors 65"]
[White "Batakovs, Olegs N"]
[Black "Turikov, Viktor"]
[Site "Vilnius"]
[Round "7.4"]
[Result "1/2-1/2"]
[Date "2014.07.19"]
[WhiteElo "2090"]
[BlackElo "2259"]
[PlyCount "121"]
[EventDate "2014.07.13"]
[EventType "team-swiss"]
[EventRounds "9"]
[EventCountry "LTU"]
[SourceTitle "CBM 161 Extra"]
[Source "ChessBase"]
[SourceDate "2014.08.29"]
[SourceVersion "1"]
[SourceVersionDate "2014.08.29"]
[SourceQuality "1"]
[WhiteTeam "Latvia"]
[BlackTeam "St Petersburg"]
[WhiteTeamCountry "LAT"]
[BlackTeamCountry "RUS"]

1. e4 b6 2. d4 Bb7 3. Bd3 Nc6 4. Nf3 Nb4 5. 0-0 Nxd3 6. Qxd3 e6 7. c4 d6 8. Nc3 Be7 9. Bf4 Nf6 10. Rfe1 0-0 11. a3 Re8 12. Rad1 Nd7 13. h3 a6 14. b4 Nf8 15. Bg3 Ng6 16. Qe3 Qc8 17. h4 Nf8 18. Bf4 Nd7 19. Qe2 Bf8 20. Bc1 g6 21. h5 Bg7 22. hxg6 hxg6 23. Bf4 a5 24. Qd2 axb4 25. axb4 e5 26. Bh6 Bh8 27. d5 Nf6 28. Bg5 Bg7 29. Bxf6 Bxf6 30. b5 Kg7 31. Nh2 Rh8 32. Ra1 Rb8 33. Ne2 Qd8 34. Nf3 Bc8 35. Ng3 Bg4 36. Ra3 Bxf3 37. Rxf3 Bg5 38. Qb2 Qd7 39. Ra1 Rh4 40. Qc2 Rbh8 41. Ra7 Bd8 42. Ra8 Rg4 43. Qe2 Rgh4 44. Qc2 Bg5 45. Rxh8 Rxh8 46. Ra3 Qg4 47. Ra7 Bf4 48. Qe2 Qh4 49. Qf3 Bxg3 50. fxg3 Qe7 51. Qg4 Rb8 52. Ra3 Qd8 53. Ra7 Qc8 54. Qxc8 Rxc8 55. g4 f6 56. Kf2 Kf8 57. g3 Ke7 58. Kf3 Kd7 59. Kg2 Rf8 60. Ra3 Ke7 61. Ra7 1/2-1/2

[Event "Wch Seniors 23rd"]
[White "Furman, Boris"]
[Black "Turikov, Viktor"]
[Site "Opatija"]
[Round "10"]
[Result "1/2-1/2"]
[Date "2013.11.22"]
[WhiteElo "2194"]
[BlackElo "2256"]
[PlyCount "140"]
[EventDate "2013.11.12"]
[EventType "swiss"]
[EventRounds "11"]
[EventCountry "CRO"]
[SourceTitle "CBM 157 Extra"]
[Source "ChessBase"]
[SourceDate "2013.12.19"]
[SourceVersion "1"]
[SourceVersionDate "2013.12.19"]
[SourceQuality "1"]

1. d4 b6 2. c4 Bb7 3. Nc3 e6 4. Nf3 Bb4 5. Qc2 Nf6 6. Bg5 h6 7. Bh4 g5 8. Bg3 Ne4 9. e3 Bxc3+ 10. bxc3 d6 11. Bd3 Nf6 12. 0-0 Nbd7 13. Nd2 Qe7 14. f3 Rg8 15. a4 a5 16. Rfb1 Nh5 17. Be4 Bxe4 18. Qxe4 d5 19. cxd5 Nxg3 20. hxg3 Nf6 21. Qd3 exd5 22. e4 Kf8 23. exd5 Nxd5 24. Re1 Qd6 25. Re5 Rd8 26. Qc4 Rg6 27. Qb3 Qc6 28. Nc4 Re6 29. Rae1 Rde8 30. Rxe6 Rxe6 31. Re5 Rxe5 32. Nxe5 Qe6 33. Qc2 Kg7 34. c4 Nb4 35. Qe4 Qe8 36. Qf5 Nc6 37. Ng4 Qe6 38. Qd3 Qg6 39. Qe3 Qe6 40. Qd3 Qd6 41. d5 Ne7 42. Qd4+ f6 43. f4 Nf5 44. Qd3 Qc5+ 45. Kh2 Nd6 46. Ne3 Qb4 47. Qc2 Qe1 48. Nf5+ Nxf5 49. Qxf5 Qe8 50. Qc2 Qh5+ 51. Kg1 Qg4 52. Qe4 Qd7 53. Kh2 Kf8 54. Qg6 Qg7 55. Qf5 Qf7 56. Kg1 Ke7 57. Kf2 Kd6 58. Ke3 Kc5 59. Kd3 Kd6 60. Kd4 Qe7 61. Qc8 Qd7 62. Qf8+ Qe7 63. Qxh6 c6 64. Qg6 cxd5 65. cxd5 Kc7 66. Qc2+ Kb8 67. Qc6 Qb4+ 68. Ke3 Qe1+ 69. Kf3 Qd1+ 70. Ke4 Qb1+ 1/2-1/2

[Event "Wch Seniors 23rd"]
[White "Turikov, Viktor"]
[Black "Petzold, Hans"]
[Site "Opatija"]
[Round "5"]
[Result "1-0"]
[Date "2013.11.16"]
[WhiteElo "2256"]
[BlackElo "2130"]
[PlyCount "69"]
[EventDate "2013.11.12"]
[EventType "swiss"]
[EventRounds "11"]
[EventCountry "CRO"]
[SourceTitle "CBM 157 Extra"]
[Source "ChessBase"]
[SourceDate "2013.12.19"]
[SourceVersion "1"]
[SourceVersionDate "2013.12.19"]
[SourceQuality "1"]

1. Nf3 e6 2. c4 f5 3. g3 Nf6 4. Bg2 Be7 5. 0-0 d6 6. d4 0-0 7. Nc3 Qe8 8. Re1 Nc6 9. d5 exd5 10. cxd5 Ne5 11. Nd4 Qh5 12. e3 Qg6 13. Qc2 Bd8 14. Nce2 Qf7 15. Nf4 g6 16. b3 Re8 17. Bb2 Bd7 18. Rac1 Ne4 19. Nde6 c6 20. Nxd8 Raxd8 21. Red1 g5 22. dxc6 Bxc6 23. Nd3 Rc8 24. Nxe5 dxe5 25. Qe2 Qe6 26. Rc2 Rcd8 27. Rdc1 Rc8 28. Qh5 Qf7 29. Qxf7+ Kxf7 30. Bxe4 fxe4 31. Rc5 Ke6 32. Rxe5+ Kf7 33. Rxg5 Rcd8 34. Bd4 a6 35. Rg7+ 1-0

[Event "EU-chT Seniors 15th"]
[White "Lerstad, Bjorn"]
[Black "Turikov, Viktor"]
[Site "Dresden"]
[Round "1"]
[Result "0-1"]
[Date "2013.07.20"]
[WhiteElo "1918"]
[BlackElo "2269"]
[PlyCount "120"]
[EventDate "2013.07.20"]
[EventType "team-swiss"]
[EventRounds "9"]
[EventCountry "GER"]
[SourceTitle "CBM 155 Extra"]
[Source "ChessBase"]
[SourceDate "2013.08.26"]
[SourceVersion "1"]
[SourceVersionDate "2013.08.26"]
[SourceQuality "1"]
[WhiteTeam "Blindern Oldtimers"]
[BlackTeam "St Petersburg"]
[WhiteTeamCountry "NOR"]
[BlackTeamCountry "RUS"]

1. e4 d6 2. d4 Nf6 3. Nc3 c6 4. f3 Nbd7 5. Be3 Qb6 6. Qd2 Qxb2 7. Rb1 Qa3 8. Bc4 Qa5 9. Nge2 g6 10. 0-0 Bg7 11. a4 0-0 12. Nd5 Qd8 13. Nxf6+ Nxf6 14. a5 d5 15. exd5 Nxd5 16. Bxd5 Qxd5 17. Nf4 Qd6 18. Rfd1 e5 19. dxe5 Qxd2 20. Rxd2 Bxe5 21. Ne2 Re8 22. Bf4 Bxf4 23. Nxf4 Rb8 24. Kf2 h5 25. h3 Kg7 26. Rb3 h4 27. Rc3 Bf5 28. Rc5 Rbd8 29. Rxd8 Rxd8 30. Ke3 Rd6 31. Ne2 b6 32. axb6 axb6 33. Rc3 c5 34. Nf4 g5 35. Nd3 f6 36. Nb2 Kg6 37. Na4 Bd7 38. Nb2 Re6+ 39. Kf2 Kf7 40. Nc4 Ke7 41. Ne3 Kd6 42. Nf5+ Kc7 43. Ne3 Rd6 44. Ke1 Be6 45. Ng4 Bxg4 46. fxg4 Kc6 47. g3 hxg3 48. Rxg3 b5 49. h4 gxh4 50. Rh3 b4 51. Rxh4 Kb5 52. Rh6 Rc6 53. Kd2 c4 54. Rh8 Rd6+ 55. Kc1 Kc5 56. Rg8 Kd4 57. g5 f5 58. g6 Kc3 59. g7 Rg6 60. Kd1 Rg1+ 0-1

[Event "Stockholm Seniors op"]
[White "Khmiadashvili, Tamari"]
[Black "Turikov, Viktor"]
[Site "Stockholm"]
[Round "4"]
[Result "1/2-1/2"]
[Date "2013.05.09"]
[WhiteElo "2168"]
[BlackElo "2266"]
[PlyCount "185"]
[EventDate "2013.05.09"]
[EventType "swiss"]
[EventRounds "8"]
[EventCountry "SWE"]
[SourceTitle "CBM 154 Extra"]
[Source "ChessBase"]
[SourceDate "2013.06.25"]
[SourceVersion "2"]
[SourceVersionDate "2013.06.25"]
[SourceQuality "1"]

1. d4 Nf6 2. c3 b6 3. Bf4 Bb7 4. Nd2 e6 5. e3 Bd6 6. Bxd6 cxd6 7. f4 0-0 8. Ngf3 d5 9. Bd3 Ba6 10. Bxa6 Nxa6 11. Qe2 Nb8 12. 0-0 Nc6 13. e4 dxe4 14. Nxe4 Nd5 15. Ne5 Qc7 16. Qh5 f5 17. Ng5 Nf6 18. Qh4 Ne7 19. Rf3 Qc8 20. Nxh7 d6 21. Nxf6+ Rxf6 22. Rg3 Nd5 23. Ng6 Kf7 24. Qh5 Qg8 25. c4 Nc7 26. Re1 Ke8 27. d5 Kd7 28. Qg5 Re8 29. Rge3 Qf7 30. Nh4 exd5 31. Rxe8 Nxe8 32. cxd5 Qxd5 33. Qh5 Qf7 34. Qf3 Nc7 35. Qa3 Qd5 36. Qxa7 Qd4+ 37. Kh1 Re6 38. Rc1 Qc4 39. Rg1 Qxf4 40. Nf3 Qb4 41. b3 Re2 42. Qb8 Qc5 43. Qg8 Rxa2 44. Qxg7+ Kc8 45. Qg8+ Kb7 46. h4 f4 47. Qg5 Qxg5 48. hxg5 Ra8 49. Rd1 Kc6 50. Nd4+ Kd7 51. Nf5 d5 52. g6 Ke6 53. Nd4+ Kf6 54. Rc1 Ne8 55. Rc6+ Ke5 56. Nf3+ Ke4 57. Re6+ Kd3 58. Rxb6 Ng7 59. Kg1 Nh5 60. Rd6 Ke4 61. Rd7 Ng3 62. Re7+ Kf5 63. g7 Kf6 64. Re1 Kxg7 65. Rd1 Kf6 66. Nd4 Ra2 67. b4 Rb2 68. b5 Ne4 69. Kh2 Nc3 70. Rf1 Ke5 71. Nc6+ Ke4 72. Re1+ Kd3 73. Rf1 Rxb5 74. Rxf4 Ne4 75. Rf3+ Kd2 76. Nd4 Rb8 77. g4 Rb4 78. Nf5 Ke2 79. Re3+ Kf2 80. Rd3 Rb5 81. Nd4 Rb8 82. Rf3+ Ke1 83. Kg2 Rb2+ 84. Kh3 Ng5+ 85. Kg3 Nxf3 86. Kxf3 Rb8 87. g5 Kd2 88. Kf4 Kd3 89. Ke5 Re8+ 90. Ne6 Kc4 91. Kf6 d4 92. Nxd4 Kxd4 93. g6 1/2-1/2

[Event "Stockholm Seniors op"]
[White "Turikov, Viktor"]
[Black "Kupreichik, Viktor D"]
[Site "Stockholm"]
[Round "3"]
[Result "1/2-1/2"]
[Date "2013.05.09"]
[WhiteElo "2266"]
[BlackElo "2443"]
[PlyCount "93"]
[EventDate "2013.05.09"]
[EventType "swiss"]
[EventRounds "8"]
[EventCountry "SWE"]
[SourceTitle "CBM 154 Extra"]
[Source "ChessBase"]
[SourceDate "2013.06.25"]
[SourceVersion "2"]
[SourceVersionDate "2013.06.25"]
[SourceQuality "1"]

1. e3 c5 2. Nf3 Nf6 3. b3 d6 4. Bb2 e5 5. d3 Nc6 6. c4 Be7 7. Nc3 0-0 8. Be2 d5 9. cxd5 Nxd5 10. 0-0 Be6 11. Nxd5 Qxd5 12. Qc2 Rac8 13. Rfd1 Rfd8 14. Rac1 b6 15. Qb1 Bf6 16. Nd2 Be7 17. Ne4 f5 18. Ng3 g6 19. Qa1 Bf8 20. Bf3 Qd7 21. Bxc6 Qxc6 22. Bxe5 Bd5 23. f3 Re8 24. e4 Bf7 25. exf5 gxf5 26. d4 Qe6 27. Kh1 Bg6 28. f4 h5 29. d5 Qf7 30. Qc3 Rcd8 31. d6 Re6 32. Qd3 Kh7 33. Ne2 Bxd6 34. Qc4 Qe7 35. Bxd6 Rdxd6 36. Rxd6 Rxd6 37. Ng1 Rd4 38. Qf1 Qe4 39. Nh3 Qd3 40. Qe1 Qd2 41. Qe7+ Kg8 42. Rg1 Rd7 43. Qe6+ Kg7 44. Qe5+ Kg8 45. Qe6+ Kg7 46. Qe5+ Kg8 47. Qe6+ 1/2-1/2

[Event "EU-chT Seniors"]
[White "Mednikova, Svetlana"]
[Black "Turikov, Viktor"]
[Site "Rogaska Slatina"]
[Round "9.2"]
[Result "1/2-1/2"]
[Date "2012.04.04"]
[WhiteElo "2183"]
[BlackElo "2263"]
[PlyCount "106"]
[EventDate "2012.03.27"]
[EventType "team-swiss"]
[EventRounds "9"]
[EventCountry "SLO"]
[SourceTitle "CBM 147 Extra"]
[Source "ChessBase"]
[SourceDate "2012.04.24"]
[SourceVersion "1"]
[SourceVersionDate "2012.04.24"]
[SourceQuality "1"]
[WhiteTeam "Russia (Seniors) II"]
[BlackTeam "St Petersburg (Seniors)"]
[WhiteTeamCountry "RUS"]
[BlackTeamCountry "RUS"]

1. e4 d6 2. d4 Nf6 3. Nc3 c6 4. f4 Qa5 5. Bd3 e5 6. Nf3 Nbd7 7. 0-0 Be7 8. Kh1 0-0 9. Qe1 exd4 10. Nd5 Qd8 11. Nxe7+ Qxe7 12. Nxd4 Nc5 13. e5 Re8 14. Qh4 Nfe4 15. Qxe7 Rxe7 16. Bxe4 Nxe4 17. Re1 d5 18. Be3 Bd7 19. a4 Rae8 20. Nb3 b6 21. a5 c5 22. axb6 axb6 23. Kg1 f6 24. exf6 Nxf6 25. Bd2 Ne4 26. Bc1 Bf5 27. c3 h5 28. Nd2 Nd6 29. Rxe7 Rxe7 30. Nf3 Re2 31. Ne5 Be4 32. Nf3 Bxf3 33. gxf3 Nf5 34. b4 Nh4 35. bxc5 bxc5 36. Ra8+ Kh7 37. Ba3 Nxf3+ 38. Kf1 Ra2 39. Ra7 Nxh2+ 40. Ke1 Nf3+ 41. Kf1 c4 42. f5 Nd2+ 43. Ke1 Nb1 44. f6 Nxa3 45. f7 Nc2+ 46. Kd2 Rxa7 47. f8Q Na3 48. Qf5+ g6 49. Qxd5 Nb1+ 50. Kc2 Nxc3 51. Kxc3 Rc7 52. Qd6 Rf7 53. Kxc4 Rf5 1/2-1/2